书目信息 |
| 题名: |
数据库技术大全
|
|
| 作者: | Paul J.Fortier 编著 | |
| 分册: | ||
| 出版信息: | 北京 电子工业出版社 1999.05 |
|
| 页数: | 400页 | |
| 开本: | 16开 | |
| 丛书名: | ||
| 单 册: | ||
| 中图分类: | TP311.13 | |
| 科图分类: | ||
| 主题词: | 软件 | |
| 电子资源: | ||
| ISBN: | 7-5053-4633-4 | |
| 000 | 00569nam0 2200193 45 | |
| 001 | 0005161717 | |
| 005 | 20000516172015.3 | |
| 010 | @a7-5053-4633-4@d41.00元 | |
| 100 | @a20000516d1999 km y0chiy0120 ea | |
| 101 | @achi | |
| 105 | @a z 000yy | |
| 200 | 1 | @a数据库技术大全@AShu Ju Ku Ji Shu Da Quan@fPaul J.Fortier等编著@FPaul J.Fortier Deng Bian Zhu |
| 210 | @a北京@c电子工业出版社@d1999.05 | |
| 215 | @a400页@d16开 | |
| 606 | 0 | @a软件 |
| 690 | @aTP311.13@v3 | |
| 701 | @aPaul J.Fortier@4编著 | |
| 801 | @aCN@bPftUser@c20000516 | |
| 905 | @f1@b55524@dTP311.13@eL.153 | |
| 数据库技术大全/Paul J.Fortier等编著.-北京:电子工业出版社,1999.05 |
| 400页;16开 |
| ISBN 7-5053-4633-4:41.00元 |
| ● |
| 相关链接 |
|
|
|
正题名:数据库技术大全
索取号:TP311.13/L.153
 
预约/预借
| 序号 | 登录号 | 条形码 | 馆藏地/架位号 | 状态 | 备注 |
| 1 | 55524 | 200555247 | 期刊室512/301自科库 40排1列4层/ [索取号:TP311.13/L.153] | 在馆 |